| 000 | 00600nam a2200193Ia 4500 | ||
|---|---|---|---|
| 003 | GCL | ||
| 008 | 140319s9999 xx 000 0 ara d | ||
| 040 |
_aGCL / _cGCL |
||
| 082 | 0 | 4 |
_a812.009 _bس ا |
| 100 | 1 | _aسامى عبدالحليم | |
| 245 | 1 | 0 |
_aمسرح منيرة المهدية / _cسامى عبدالحليم |
| 300 | _a95 ص | ||
| 490 |
_aمطبوعات المسرح الكوميدى _v0 |
||
| 650 | 0 | 4 | _aالادب العربى |
| 650 | 0 | 4 | _aالمسرح العربى |
| 650 | 0 | 4 | _aتاريخ ونقد |
| 650 | 0 | 4 | _aالادب العربى - تاريخ ونقد |
| 942 |
_2ddc _cBK |
||
| 999 |
_c45290 _d45290 |
||